000 02110nam a22004217a 4500
003 AR-RoUNA
005 20260522114012.0
008 260522b |||||||| |||| 00| 0 spa d
020 _a9788893872232
040 _aAR-RoUNA
_bspa
_dAR-RoUNA
041 _aita
_hita
044 _aag
245 1 0 _aGino Malacarne :
_barchitetture /
_ceditores Francesco Lucchi; Cinzia Simioni; Alessandro Tognon
250 _a1a. ed.
260 _aPadua, Italia:
_bIl Poligrafo,
_c2022
300 _a107 p.:
_bfot. col.
_c21x21 cm
505 0 _tINDICE
505 0 _tAlessandro Tognon / El oficio del arquitecto p.7
505 0 _tJosé Ignacio Linazasoro / La arquitectura urbana de Gino Malacarne p.11
505 0 _tRaffaella Neri / Arquitectos felices p.15
505 0 _tGino Malacarne / Por una belleza útil p.21
505 0 _tProyectos p.27
505 0 _tBiografía p.105
505 0 _tAutores y colaboradores p.106
520 3 _aEste documento, presenta una selección de proyectos y obras de Gino Malacarne, desarrollados a lo largo del tiempo, que representan fielmente su comprensión de la arquitectura y la ciudad. Al observar estos proyectos y dibujos, queda claro que la investigación de Malacarne siempre ha girado en torno a la ciudad y que siempre ha buscado construir fragmentos de ella a través de una arquitectura urbana que contribuya a la creación de espacios donde se desarrolla la vida humana. Inspirado a construir e inventar lugares donde una comunidad pueda reconocerse a sí misma, donde, más allá de la función y el uso, incluso el encuentro, el fomento de encuentros o simplemente los acontecimientos representen objetivos igualmente previsibles.
650 4 _aArquitectura
650 4 _aProyectos urbanos
650 4 _aCiudades
_xLugar
700 1 _aMalacarne, Gino
_eedt
_927746
700 1 _aLucchi, Francesco
_eedt
_927744
700 1 _aSimioni, Cinzia
_eedt
_927747
700 1 _aTognon, Alejandro
_eedt
_927748
908 _aImp
930 _e12335
942 _2udc
_cLIB
945 _d2026-05-22
980 _61
_aMaricel Allasia
_81
_gMaricel Allasia
999 _c12427
_d12427